| 000 | 00472nam a22001697a 4500 | ||
|---|---|---|---|
| 003 | OSt | ||
| 005 | 20260303000834.0 | ||
| 008 | 260203b |||||||| |||| 00| 0 eng d | ||
| 020 | _a978-0-441-01497-0 | ||
| 040 |
_aDWCL-Main Lib _cOC |
||
| 082 | _aFic. H297 2006 | ||
| 100 | _aHarris, Charlaine | ||
| 245 | _aDefinitely dead | ||
| 260 |
_aNew York : _b The Berkley Publishing Group : The Penguin Group, _c2006c |
||
| 300 |
_a342 p. ; _c21 cm. |
||
| 942 |
_2ddc _cFIC. _mFic. _n0 |
||
| 999 |
_c8151 _d8151 |
||